| 000 | 00772nam a22001937a 4500 | ||
|---|---|---|---|
| 003 | AM-YeHGA | ||
| 040 | _aAM-YeHGA | ||
| 090 | _c453207 | ||
| 005 | 20250617160312.0 | ||
| 008 | 200903b ||||| |||| 00| 0 rus d | ||
| 041 | 0 | _arus | |
| 100 | 1 | _aБенклиев, Сергей Несторович | |
| 245 | 1 | 0 |
_aХронологический справочник по истории древнего мира / _cС. Н. Бенклиев ; Том. пед. ин-т |
| 260 |
_aТомск : _bКрасное знамя, _c1936 |
||
| 300 | _a29 с. | ||
| 653 | 0 | _aИстория древнего мира - Хронологический справочник | |
| 653 | 0 | _aСправочник по истории древнего мира | |
| 942 |
_2udc _cBK |
||
| 999 |
_c450277 _d450277 |
||